[Event "8. Torneo IRT Pueblo Nuevo"]
[Site "Madrid ESP"]
[Date "2006.02.21"]
[Round "7.1"]
[White "Prieto Honorato, Juan Maria"]
[Black "Martinez Garcia, Felipe"]
[Result "1-0"]
[WhiteElo "2116"]
[BlackElo "2048"]
[PlyCount "55"]
[EventDate "2006.01.31"]
[EventType "tourn"]
[EventRounds "9"]
[EventCountry "ESP"]
[Source "lmi"]
[SourceDate "2006.02.21"]

1. d4 Nf6 2. c4 e6 3. Nc3 d5 4. cxd5 exd5 5. Bg5 Be7 6. e3 c6 7. Bd3 O-O 8.
Nge2 Nh5 9. Bxe7 Qxe7 10. Ng3 Nf6 11. Qc2 g6 12. O-O Nbd7 13. Rae1 Qd6 14. f4
Ng4 15. f5 g5 16. Rf3 Ndf6 17. h3 h5 18. e4 dxe4 19. Ncxe4 Qxd4+ 20. Kh1 h4 21.
Qc1 Nh7 22. Nh5 Bxf5 23. Rxf5 Qxd3 24. hxg4 h3 25. Nhf6+ Kh8 26. Nxh7 hxg2+ 27.
Kxg2 Kxh7 28. Rh1+ 1-0

[Event "8. Torneo IRT Pueblo Nuevo"]
[Site "Madrid ESP"]
[Date "2006.02.21"]
[Round "7.4"]
[White "Moratalla Garcia, Joaquin"]
[Black "Alvarez Abejon, Amilcar"]
[Result "0-1"]
[WhiteElo "1842"]
[BlackElo "2125"]
[PlyCount "76"]
[EventDate "2006.01.31"]
[EventType "tourn"]
[EventRounds "9"]
[EventCountry "ESP"]
[Source "lmi"]
[SourceDate "2006.02.21"]

1. d4 Nf6 2. c4 e6 3. Nc3 Bb4 4. Qc2 c5 5. dxc5 Na6 6. a3 Bxc3+ 7. Qxc3 Nxc5 8.
e3 b6 9. f3 O-O 10. Bd3 Ba6 11. b3 d5 12. Ne2 Nxd3+ 13. Qxd3 dxc4 14. Qc2 cxb3
15. Qxb3 Nd7 16. Bb2 Nc5 17. Qc3 Nd3+ 18. Kf1 Nxb2 19. Qxb2 Qd3 20. Kf2 Rac8
21. Rac1 Rxc1 22. Rxc1 Rd8 23. Rc3 Qd6 24. g3 h5 25. Rc2 Qd1 26. Rc1 Rd2 27.
Rxd1 Rxb2 28. Re1 Kf8 29. e4 Ke7 30. f4 Rxe2+ 31. Rxe2 Bxe2 32. Kxe2 Kd6 33.
Kd3 Kc5 34. Kc3 b5 35. e5 a5 36. h3 Kd5 37. Kd3 b4 38. axb4 axb4 0-1

[Event "8. Torneo IRT Pueblo Nuevo"]
[Site "Madrid ESP"]
[Date "2006.02.21"]
[Round "7.3"]
[White "Navarro Nicolas, Victor Manuel"]
[Black "Tejedo Meneses, Alvaro"]
[Result "1-0"]
[WhiteElo "2180"]
[BlackElo "2022"]
[PlyCount "95"]
[EventDate "2006.01.31"]
[EventType "tourn"]
[EventRounds "9"]
[EventCountry "ESP"]
[Source "lmi"]
[SourceDate "2006.02.21"]

1. Nf3 Nf6 2. c4 g6 3. Nc3 d5 4. d4 Bg7 5. Bg5 dxc4 6. e4 c5 7. d5 b5 8. e5 b4
9. exf6 exf6 10. Bd2 bxc3 11. Bxc3 O-O 12. Bxc4 Re8+ 13. Kf1 Nd7 14. Bb5 Rb8
15. a4 a6 16. Bc6 Bb7 17. Qd2 Qc8 18. Bxb7 Qxb7 19. h4 Nb6 20. d6 h5 21. Kg1
Nc4 22. Qf4 Re4 23. Qg3 Rg4 24. Qh3 Nxd6 25. Nd2 Nf5 26. Qf3 Qc7 27. Ne4 Rf4
28. Qd3 Nd4 29. Re1 f5 30. Ng5 Rd8 31. Qxa6 Nc2 32. Ba5 Qb8 33. Rf1 Rxa4 34. b3
Ra2 35. Qc4 Rd7 36. Bc3 Bxc3 37. Qxc3 Qb6 38. Rh3 Nd4 39. Re3 Re2 40. Re1 Rxe1+
41. Rxe1 Qxb3 42. Re8+ Kg7 43. Qxc5 Ne6 44. Qe5+ f6 45. Nxe6+ Kh7 46. Qxf6 Qd1+
47. Kh2 Qd6+ 48. g3 1-0

[Event "8. Torneo IRT Pueblo Nuevo"]
[Site "Madrid ESP"]
[Date "2006.02.23"]
[Round "8.2"]
[White "Alvarez Abejon, Amilcar"]
[Black "Cardeña Contreras, Javier"]
[Result "1-0"]
[WhiteElo "2125"]
[BlackElo "1806"]
[PlyCount "51"]
[EventDate "2006.01.31"]
[EventType "tourn"]
[EventRounds "9"]
[EventCountry "ESP"]
[Source "lmi"]
[SourceDate "2006.02.22"]

1. d4 d5 2. c4 e6 3. Nc3 Nf6 4. Bg5 Be7 5. Nf3 O-O 6. e3 Nbd7 7. Rc1 c6 8. Bd3
dxc4 9. Bxc4 Nd5 10. Bxe7 Qxe7 11. Ne4 e5 12. dxe5 Nxe5 13. Nxe5 Qxe5 14. Bxd5
cxd5 15. Nc3 Be6 16. O-O Rfd8 17. Qd4 Qg5 18. Ne2 Bd7 19. Rc5 Bc6 20. Nf4 Rd7
21. Nd3 Re8 22. Nb4 Re4 23. Qxe4 Re7 24. Qd4 Qg6 25. Nxc6 bxc6 26. Qxd5 1-0

[Event "8. Torneo IRT Pueblo Nuevo"]
[Site "Madrid ESP"]
[Date "2006.02.23"]
[Round "8.3"]
[White "Tejedo Meneses, Alvaro"]
[Black "Moratalla Garcia, Joaquin"]
[Result "1-0"]
[WhiteElo "2022"]
[BlackElo "1842"]
[PlyCount "141"]
[EventDate "2006.01.31"]
[EventType "tourn"]
[EventRounds "9"]
[EventCountry "ESP"]
[Source "lmi"]
[SourceDate "2006.02.22"]

1. e4 c6 2. d4 d5 3. e5 Bf5 4. Nc3 e6 5. g4 Bg6 6. Nge2 h6 7. Be3 Nd7 8. Qd2
Bb4 9. h4 Ne7 10. h5 Be4 11. Rh3 Qc7 12. a3 Ba5 13. b4 Bb6 14. Nxe4 dxe4 15.
Nc3 f5 16. exf6 Nxf6 17. g5 hxg5 18. Bxg5 Ned5 19. Bg2 Nxc3 20. Qxc3 Rxh5 21.
Rxh5 Nxh5 22. Bxe4 Nf6 23. Bg6+ Kd7 24. O-O-O Rd8 25. Qc4 Qd6 26. c3 Rf8 27.
Bc2 Bc7 28. Kb2 Nd5 29. Rd2 Bd8 30. Bxd8 Kxd8 31. Qe2 Rf4 32. Qh5 Qf8 33. Qh2
b5 34. a4 a6 35. axb5 axb5 36. Bd1 Kd7 37. Kb3 Nb6 38. Bh5 Qf6 39. f3 Qf8 40.
Bg4 Rf6 41. Re2 Qd6 42. Qxd6+ Kxd6 43. Re5 Nc4 44. Rg5 g6 45. Kc2 Ne3+ 46. Kd3
Nxg4 47. Rxg4 Rxf3+ 48. Ke4 Rf1 49. Rxg6 Re1+ 50. Kd3 Rd1+ 51. Kc2 Re1 52. Rg5
Rf1 53. Kd3 Rd1+ 54. Ke4 Re1+ 55. Kd3 Rd1+ 56. Ke2 Rc1 57. Kd2 Rf1 58. Rg2 Rh1
59. Re2 Rg1 60. Re3 Rg2+ 61. Kd3 Rg1 62. Rf3 Rd1+ 63. Ke4 Re1+ 64. Kf4 Kd5 65.
Kg5 Rc1 66. Kf6 Re1 67. Ke7 Re2 68. Kd7 Re1 69. Rg3 Rc1 70. Rg5+ Kc4 71. Rc5+
1-0

[Event "8. Torneo IRT Pueblo Nuevo"]
[Site "Madrid ESP"]
[Date "2006.02.23"]
[Round "8.4"]
[White "Ruiz Quevedo, Andres"]
[Black "Navarro Nicolas, Victor Manuel"]
[Result "0-1"]
[WhiteElo "1922"]
[BlackElo "2180"]
[PlyCount "28"]
[EventDate "2006.01.31"]
[EventType "tourn"]
[EventRounds "9"]
[EventCountry "ESP"]
[Source "lmi"]
[SourceDate "2006.02.22"]

1. b3 e5 2. Bb2 Nc6 3. c4 Nf6 4. e3 Be7 5. d3 O-O 6. Nf3 d5 7. Nxe5 Bb4+ 8. Nd2
Nxe5 9. Bxe5 Re8 10. Bb2 d4 11. Be2 dxe3 12. fxe3 Ng4 13. e4 Ne3 14. Qb1 Qg5
0-1

[Event "8. Torneo IRT Pueblo Nuevo"]
[Site "Madrid ESP"]
[Date "2006.02.23"]
[Round "8.5"]
[White "Prieto Honorato, Juan Maria"]
[Black "Alonso Abad, Enrique"]
[Result "0-1"]
[WhiteElo "2116"]
[BlackElo "2014"]
[PlyCount "102"]
[EventDate "2006.01.31"]
[EventType "tourn"]
[EventRounds "9"]
[EventCountry "ESP"]
[Source "lmi"]
[SourceDate "2006.02.22"]

1. d4 d5 2. c4 c6 3. Nf3 Nf6 4. Nc3 dxc4 5. a4 Bf5 6. e3 e6 7. Bxc4 Bb4 8. O-O
O-O 9. Qb3 Qe7 10. Na2 Bd6 11. Bd2 c5 12. Nc3 Nc6 13. Nb5 cxd4 14. Nfxd4 Nxd4
15. exd4 Ne4 16. Nxd6 Nxd2 17. Qe3 Nxf1 18. Nxf5 Nxe3 19. Nxe7+ Kh8 20. fxe3
Rae8 21. Nd5 exd5 22. Bxd5 Rxe3 23. Bxb7 Rb3 24. Bc6 Rxb2 25. Re1 Rfb8 26. d5
Rb1 27. Rxb1 Rxb1+ 28. Kf2 Kg8 29. Ke3 Kf8 30. Kd4 Ke7 31. Kc5 f5 32. d6+ Kd8
33. Kd5 Rd1+ 34. Kc5 g5 35. Bf3 Rc1+ 36. Kb5 Kd7 37. Ka6 Kxd6 38. a5 Rc7 39.
Bb7 Rc5 40. h3 h5 41. Bf3 h4 42. Be2 Ke5 43. Bf3 Kf4 44. Bb7 Kg3 45. Ba8 g4 46.
hxg4 fxg4 47. Bb7 h3 48. gxh3 Kxh3 49. Be4 g3 50. Bf3 g2 51. Bxg2+ Kxg2 0-1

[Event "8. Torneo IRT Pueblo Nuevo"]
[Site "Madrid ESP"]
[Date "2006.02.28"]
[Round "9.1"]
[White "Alonso Abad, Enrique"]
[Black "Martinez Garcia, Felipe"]
[Result "1-0"]
[WhiteElo "2014"]
[BlackElo "2048"]
[PlyCount "51"]
[EventDate "2006.01.31"]
[EventType "tourn"]
[EventRounds "9"]
[EventCountry "ESP"]
[Source "lmi"]
[SourceDate "2006.02.28"]

1. d4 f5 2. Nf3 Nf6 3. g3 e6 4. Bg2 c5 5. O-O Nc6 6. c4 d5 7. Nc3 dxc4 8. Qa4
cxd4 9. Nxd4 Qxd4 10. Bxc6+ Bd7 11. Bxd7+ Qxd7 12. Qxc4 Rc8 13. Qb3 Bc5 14. Rd1
Qc6 15. Na4 Ne4 16. Nxc5 Nxc5 17. Qc3 O-O 18. Be3 Qb5 19. Qe5 Qxe2 20. Re1 Qc4
21. Bd4 Rf7 22. Rac1 Nd3 23. Rxc4 Rxc4 24. Qxe6 Rxd4 25. Qc8+ Rf8 26. Re8 1-0

[Event "8. Torneo IRT Pueblo Nuevo"]
[Site "Madrid ESP"]
[Date "2006.02.28"]
[Round "9.3"]
[White "Moratalla Garcia, Joaquin"]
[Black "Ruiz Quevedo, Andres"]
[Result "0-1"]
[WhiteElo "1842"]
[BlackElo "1922"]
[PlyCount "66"]
[EventDate "2006.01.31"]
[EventType "tourn"]
[EventRounds "9"]
[EventCountry "ESP"]
[Source "lmi"]
[SourceDate "2006.02.28"]

1. d4 Nf6 2. c4 c5 3. d5 a6 4. Nc3 b5 5. cxb5 axb5 6. Nxb5 e6 7. dxe6 Qa5+ 8.
Nc3 fxe6 9. Bd2 Qb6 10. Qc2 d5 11. e3 Bd6 12. Nf3 O-O 13. Be2 Nc6 14. a3 Bb7
15. O-O Rae8 16. Na4 Qa7 17. Rac1 Ne4 18. Nc3 Nxc3 19. Bxc3 e5 20. Bb5 e4 21.
Nd2 Re6 22. Nb3 Rh6 23. h3 Ne7 24. Rfd1 Bb8 25. Na5 Bc8 26. Nc6 Nxc6 27. Bxc6
Rxc6 28. Rxd5 Qc7 29. Be5 Qb6 30. Bxb8 Qxb8 31. Rxc5 Rxc5 32. Qxc5 Be6 33. b4
Rc8 0-1

[Event "8. Torneo IRT Pueblo Nuevo"]
[Site "Madrid ESP"]
[Date "2006.02.28"]
[Round "9.4"]
[White "Cardeña Contreras, Javier"]
[Black "Tejedo Meneses, Alvaro"]
[Result "0-1"]
[WhiteElo "1806"]
[BlackElo "2022"]
[PlyCount "128"]
[EventDate "2006.01.31"]
[EventType "tourn"]
[EventRounds "9"]
[EventCountry "ESP"]
[Source "lmi"]
[SourceDate "2006.02.28"]

1. e4 c5 2. Nf3 d6 3. d4 cxd4 4. Nxd4 Nf6 5. Nc3 e6 6. Bc4 Nc6 7. Bb3 Be7 8.
Be3 O-O 9. f4 Nd7 10. f5 Nc5 11. Nxc6 bxc6 12. Bxc5 dxc5 13. Qf3 exf5 14. Rd1
Qb6 15. Qf2 Bf6 16. Na4 Qb4+ 17. Qd2 Qxe4+ 18. Qe2 Bh4+ 19. Kf1 Ba6 20. c4 Qf4+
21. Kg1 Bf6 22. g3 Bd4+ 23. Kg2 Qe4+ 24. Qf3 Rfe8 25. Rhe1 Qxf3+ 26. Kxf3 g6
27. Nc3 Re6 28. Re2 Rae8 29. Rde1 Bxc3 30. bxc3 Kf8 31. Rxe6 fxe6 32. Re5 Bb7
33. Rxc5 Rd8 34. Re5 Ke7 35. c5 Bc8 36. Re3 Rd2 37. h4 Kf6 38. Bc4 e5 39. Re1
Be6 40. Bxe6 Kxe6 41. Rb1 Rxa2 42. Rb7 a5 43. Rxh7 Rc2 44. c4 Rxc4 45. Rh6 Kf7
46. h5 gxh5 47. Rxc6 a4 48. Rh6 Rxc5 49. Rxh5 Ke6 50. Rh6+ Kd5 51. Ra6 Rc3+ 52.
Kf2 Ra3 53. Ra5+ Ke4 54. Kg2 Ra1 55. Kh3 a3 56. Kh4 a2 57. Kg5 f4 58. Ra4+ Ke3
59. Ra3+ Kd4 60. g4 f3 61. Ra4+ Ke3 62. Ra3+ Ke2 63. Rc3 Rd1 64. Rc2+ Rd2 0-1